000 00239 a2200109 4500
001 68525
040 _cAnchieta - Itaigara
240 1 0 _aBíblia infantil
_l
245 1 0 _aBíblia infantil
650 4 _aLiteratura infanto-juvenil
942 _cMU
999 _c68525
_d68525